000 00356nam a2200133Ia 4500
008 231129s9999||||xx |||||||||||||| ||spa||
020 _a958-30-0082-5
040 _bspa
082 _aR 923.1 P696p
100 _aPlazas Vega Alfonso
245 0 _aPresidentes de Colombia
264 _aPanamericana
942 _2ddc
_cBKS
999 _c23160
_d23160